Transport kombinowany w integrujacej sie Europie.
Kombinovaná doprava v dopravnej politike EHS. Základný právny akt - Direktíva ministerskej rady EHS č. 75/130/EEC z r. 1975 o kombinovanej doprave. Ďalšie nariadenia a direktívy EHS. Druhy kombinovanej dopravy v EHS. Hlavní dopravcovia. Veľkosť a štruktúra kombinovanej dopravy v EHS a jej perspektív...
Gespeichert in:
| 1. Verfasser: | |
|---|---|
| Format: | Buchkapitel |
| Sprache: | Polnisch |
| Schlagworte: | |
| Tags: |
Keine Tags, Fügen Sie das erste Tag hinzu!
|
MARC
| LEADER | 00000naa a2200000 4500 | ||
|---|---|---|---|
| 001 | r011824 | ||
| 005 | 20221125123217.1 | ||
| 041 | 0 | |a pol | |
| 044 | |a PL | ||
| 245 | 1 | 0 | |a Transport kombinowany w integrujacej sie Europie. |c J. Burnewicz |
| 520 | |a Kombinovaná doprava v dopravnej politike EHS. Základný právny akt - Direktíva ministerskej rady EHS č. 75/130/EEC z r. 1975 o kombinovanej doprave. Ďalšie nariadenia a direktívy EHS. Druhy kombinovanej dopravy v EHS. Hlavní dopravcovia. Veľkosť a štruktúra kombinovanej dopravy v EHS a jej perspektívy. | ||
| 610 | 2 | 0 | |a doprava kombinovaná |
| 610 | 2 | 0 | |a Európa |
| 610 | 2 | 0 | |a EHS |
| 610 | 2 | 0 | |a politika dopravná |
| 100 | 1 | |a Burnewicz, J. | |